Asutosh Mookerjee; (Record no. 72966)

MARC details
000 -LEADER
fixed length control field 00728nam a22002291 4500
001 - CONTROL NUMBER
control field sa 67001965
003 - CONTROL NUMBER IDENTIFIER
control field DLC
005 - DATE AND TIME OF LATEST TRANSACTION
control field 20260227112327.0
008 - FIXED-LENGTH DATA ELEMENTS--GENERAL INFORMATION
fixed length control field 740328s1966 ii c b 00000beng
010 ## - LIBRARY OF CONGRESS CONTROL NUMBER
LC control number sa 67001965
025 ## - OVERSEAS ACQUISITION NUMBER
Overseas acquisition number PL480:I-E-6697
050 0# - LIBRARY OF CONGRESS CALL NUMBER
Classification number DS479.1.M6
Item number S5
082 ## - DEWEY DECIMAL CLASSIFICATION NUMBER
Classification number 954.03/50924
-- B
100 10 - MAIN ENTRY--PERSONAL NAME
Personal name Sinha, Narendra Krishna.
245 00 - TITLE STATEMENT
Title Asutosh Mookerjee;
Remainder of title a biographical study.
260 0# - PUBLICATION, DISTRIBUTION, ETC.
Place of publication, distribution, etc. [Calcutta]
Name of publisher, distributor, etc. Asutosh Mookerjee Centenary Committee,
Date of publication, distribution, etc. 1966.
300 ## - PHYSICAL DESCRIPTION
Extent vi, 192 p.
Other physical details port.
Dimensions 22 cm.
500 ## - GENERAL NOTE
General note On verso of t.p.: Published by Sri Priya Ranjan Sen, Calcutta.
500 ## - GENERAL NOTE
General note Errata slip inserted.
504 ## - BIBLIOGRAPHY, ETC. NOTE
Bibliography, etc. note Includes bibliographies.
600 10 - SUBJECT ADDED ENTRY--PERSONAL NAME
Personal name Mookerjee, Asutosh,
Titles and other words associated with a name Sir,
Dates associated with a name 1864-1924.

No items available.

Powered by Koha